000 00639nam a22001937a 4500
003 OSt
005 20251106032242.0
008 251106b |||||||| |||| 00| 0 eng d
020 _a978-0-7637-6359-9.
040 _aDWCL-Admin lib
_cOC
082 _aCirc. 616.9041 P787a 2010
100 _aPommerville, Jeffrey C.
245 _a Alcamo's fundamentals of microbiology /
_cJeffrey C. Pommerville
260 _aSudbury, MA :
_bJones and Bartlett Pub. ,
_cc 2010
300 _a xxix ( various paging) : ill. ;
_c24 cm.
504 _aIncludes index.
650 _a1. Medical microbiology
942 _2ddc
_cBK-CIRC
_e Body Systems ed.
_kCirc.
_n0
999 _c5554
_d5554